000 01552nam a22002777a 4500
999 _c1257
_d1257
005 20251125232736.0
008 s2533 th tha d
020 _a9744171103
040 _aNALT
041 _atha
050 _aDS578.3 ก351ป
245 1 0 _aประวัติและผลงานของชาวต่างชาติในประเทศไทย
260 3 _aกรุงเทพฯ :
_bกองวรรณคดีและประวัติศาสตร์,
_c2533
300 _a118 หน้า :
_b ภาพประกอบ, แผนที่
610 _aกองวรรณคดีและประวัติศาสตร์
650 0 4 _aครอว์เฟิด, จอห์น, 1783
650 0 4 _aชาวต่างประเทศ -- ชีวประวัติ
650 0 4 _aลอฟตัส, อัลเฟรด จอห์น
650 0 4 _aเบาริง, จอห์น, เซอร์
650 0 4 _aแคลเวลล์, แจ๊สซี
650 0 4 _aแมคคาร์ธี, เจมส์
650 0 4 _aแมคคาร์ธี, เจมส์แคลเวลล์, แจ๊สซีเบาริง, จอห์น, เซอร์ลอฟตัส, อัลเฟรด จอห์นชาวต่างประเทศ -- ชีวประวัติครอว์เฟิด, จอห์น, 1783
850 _aNALT
856 4 0 _uhttps://hdl.handle.net/20.500.14156/371932
_71
942 _cGB
_2lcc